Planes de manejo para la conservación de 16 especies focales de vertebrados en el Departamento del Valle del Cauca (Registro nro. 19730)

Detalles MARC
000 -CABECERA
Campo de control 00760nam a22002177a 4500
005 - FECHA Y HORA DE LA ULTIMA TRANSACCION
Campo de control 20180803170413.0
008 - ELEMENTOS DE LONGITUD FIJA—INFORMACION GENERAL
Campo de control 170809b2011 ck ||||| |||| 00| 0 spa d
020 ## - ISBN
ISBN 9789588332550
040 ## - FUENTE DE CATALOGACIÓN
Agencia catalogadora original CO-BoIAVH
Agencia transcriptora CO-BoIAVH
041 ## - IDIOMA
Código de idioma para texto/pista de sonido o título separado Español
044 ## - PAÍS DE PUBLICACIÓN
País de publicación Colombia
082 14 - NUMERO DE CLASIFICACION DECIMAL DEWEY
Número de clasificación 571.316
Número del ítem R81p
245 00 - MENCION DE TITULO
Título Planes de manejo para la conservación de 16 especies focales de vertebrados en el Departamento del Valle del Cauca
260 ## - PUBLICACION, DISTRIBUCION, ETC. (PIE DE IMPRENTA)
Lugar de publicación, distribución, etc. Cali:
Nombre del editor, distribuidor, etc. CVC;
-- Fundación Agua Viva,
Fecha de publicación, distribución, etc. 2011.
300 ## - DESCRIPCION FISICA
Extensión 138 p.
Otros detalles físicos ilustraciones, mapas a color
650 #0 - ASIENTO SECUNDARIO DE MATERIA - TERMINO TEMATICO
Término temático o nombre geográfico como elemento de entrada Especies focales
9 (RLIN) 92596
650 #0 - ASIENTO SECUNDARIO DE MATERIA - TERMINO TEMATICO
Término temático o nombre geográfico como elemento de entrada Peces
Subdivisión geográfica Valle del Cauca (Colombia)
9 (RLIN) 82978
650 #0 - ASIENTO SECUNDARIO DE MATERIA - TERMINO TEMATICO
Término temático o nombre geográfico como elemento de entrada Aves
Subdivisión geográfica Valle del cauca (Colombia)
9 (RLIN) 82979
650 #0 - ASIENTO SECUNDARIO DE MATERIA - TERMINO TEMATICO
Término temático o nombre geográfico como elemento de entrada Mamíferos
Subdivisión geográfica Valle del cauca (Colombia)
9 (RLIN) 82980
942 ## - ELEMENTOS ADICIONALES (KOHA)
Sistema de clasificación Dewey Decimal Classification
Tipo de ítem Libro
Existencias
Withdrawn status Lost status Sistema de Clasificación Damaged status No para préstamo Colección Inventariado Ubicación Permanente Ubicación actual Fecha de adquisición Fuente de Valor Valor Total Checkouts Número topográfico Inventario / Código de Barras Date last seen Ejemplar Price effective from Forma de adquisición Tipo de material
    Dewey Decimal Classification     General Inventariado 2017 Bogotá Bogotá 09/08/2017 Instituto 39000.00   LB-571.316 R81p 034587 09/08/2017 Ej. 1 09/08/2017 Canje Libro